[Event "Challenge"]
[Site "http://www.queenalice.com/game.php?id=1813044"]
[Date "2023.6.3"]
[Round "-"]
[White "milan15fc"]
[Black "cyrano"]
[Result "1-0"]
[WhiteElo "1455"]
[BlackElo "1479"]

1. e3 e5 2. Qf3 f6 3. Qh3 d5 4. Qf3 e4 5. Qe2 a5 6. Qb5+ c6 7. Qe2 h5 8. g3 Bg4
9. f3 exf3 10. Nxf3 Bc5 11. h3 Be6 12. d4 Bd6 13. Qg2 Qc7 14. c3 b5 15. Nh4 b4
16. Bd2 g5 17. Nf3 Qg7 18. cxb4 axb4 19. b3 g4 20. hxg4 Qxg4 21. Rh3 h4 22. Nxh4
Nd7 23. Be2 Qe4 24. Qxe4 dxe4 25. g4 Nh6 26. Ng6 Rg8 27. Rxh6 Bf7 28. Nh4 Bg3+
29. Kd1 Bxb3+ 30. Kc1 Bd5 31. Bxb4 Ra4 32. Bc3 Bf2 33. Kd2 f5 34. Bd1 Rc4 35.
Nxf5 c5 36. Nd6+ Kd8 37. Nxc4 Bxc4 38. Na3 Bd5 39. dxc5 Nxc5 40. Rd6+ Ke7 41.
Rxd5 Na4 42. Bxa4 Rxg4 43. Bb4+ Ke6 44. Rd6+ Ke5 45. Nc4+ Kf5 46. Bd7+ Kg5 47.
Bxg4 Kxg4 48. Ke2 Bg3 49. Rg6+ Kf5 50. Rxg3 Ke6 51. Rd1 Kf5 52. Rd5+ Ke6 53. Rd4
Kf5 54. Rd5+ Ke6 55. Re5+ Kf6 56. Rxe4 Kf5 57. Rf4+ Ke6 58. Rg6+ Kd7 59. Rf7+
Ke8 60. Nd6+ Kd8 61. Rg8# 1-0

[Event "Challenge"]
[Site "http://www.queenalice.com/game.php?id=1814481"]
[Date "2023.6.21"]
[Round "-"]
[White "milan15fc"]
[Black "Charles56"]
[Result "0-1"]
[WhiteElo "1476"]
[BlackElo "1597"]

1. e3 e5 2. Qf3 Nf6 3. Qg3 a6 4. Qxe5+ Be7 5. b3 Nc6 6. Qg3 g6 7. Bb2 d6 8. Bxf6
Bxf6 9. Nc3 Be6 10. Nge2 Ne5 11. d4 Bh4 12. Qf4 Bg5 13. Qg3 Nc6 14. Ne4 Bh4 15.
Qf3 f5 16. N4c3 g5 17. d5 g4 18. Qf4 Bg5 19. Qa4 b5 20. Qa3 b4 21. Qb2 bxc3 22.
Qxc3 Bxd5 23. Qxh8+ Kd7 24. Qxh7+ Ne7 25. Qg7 Qg8 26. Qxg8 Rxg8 27. h4 gxh3 28.
Rxh3 Bf6 29. Rd1 c6 30. Rh6 Bg5 31. Rh7 Be4 32. Rd2 Bf6 33. f3 Bd5 34. c4 Be6
35. Rd1 c5 36. Nf4 Rg7 37. Rxg7 Bxg7 38. Nh5 Bc3+ 39. Ke2 Ng6 40. Nf4 Nxf4+ 41.
exf4 Kc6 42. Rd3 Bb4 43. g3 d5 44. Ke3 d4+ 45. Kf2 Kd6 46. g4 fxg4 47. fxg4 Bxg4
48. Kg3 Bf5 49. Bh3 Bxd3 50. f5 Ke5 51. Kf3 Bb1 52. Kg4 Bxf5+ 53. Kg3 Bb1 54.
Bc8 a5 55. a4 Bc2 56. Bd7 Bxb3 57. Bb5 Ke4 58. Kf2 d3 59. Bc6+ Kf4 60. Bf3 Bxa4
61. Kf1 Kxf3 62. Kg1 d2 63. Kf1 Bb3 64. Kg1 d1=Q+ 65. Kh2 Bxc4 66. Kh3 Qg1 67.
Kh4 Qg4# 0-1

[Event "Challenge"]
[Site "http://www.queenalice.com/game.php?id=1814482"]
[Date "2023.6.21"]
[Round "-"]
[White "milan15fc"]
[Black "Charles56"]
[Result "0-1"]
[WhiteElo "1517"]
[BlackElo "1609"]

1. e3 e5 2. Qf3 d5 3. Qg3 Nh6 4. Qxe5+ Be6 5. g3 Nc6 6. Qf4 Bd6 7. Qf3 f6 8. e4
dxe4 9. Qxe4 Qd7 10. Bh3 f5 11. Qe3 O-O-O 12. Nc3 Nb4 13. Rb1 Nxc2+ 14. Kd1
Nxe3+ 15. fxe3 Ng4 16. Bxg4 fxg4 17. Nge2 h5 18. b3 g5 19. h4 gxh4 20. gxh4 g3
21. Rg1 Rhg8 22. Ne4 Bg4 23. Nf6 Bxe2+ 24. Kxe2 Qf5 25. Bb2 Qf2+ 26. Kd3 Bb4+
27. Ke4 Bxd2 28. Nxg8 Qxe3+ 29. Kf5 Rf8+ 30. Kg6 Qe6+ 31. Kh7 Qf7+ 32. Kh8 Qxg8#
0-1

[Event "Challenge"]
[Site "http://www.queenalice.com/game.php?id=1814483"]
[Date "2023.6.21"]
[Round "-"]
[White "milan15fc"]
[Black "Charles56"]
[Result "0-1"]
[WhiteElo "1505"]
[BlackElo "1611"]

1. e3 d5 2. Qh5 Nf6 3. Qf3 e5 4. b3 e4 5. Qe2 a6 6. Bb2 c6 7. Bxf6 Qxf6 8. c3 h5
9. f4 Bg4 10. Qf2 h4 11. h3 Bh5 12. g4 Bg6 13. f5 Bh7 14. Qf4 Bd6 15. Qf2 Nd7
16. Qe2 Bg3+ 17. Kd1 Nc5 18. Qg2 g6 19. Ne2 gxf5 20. Nxg3 hxg3 21. Qxg3 fxg4 22.
Qxg4 Rg8 23. Qe2 Nd3 24. Rh2 Rg1 25. Rg2 Rxf1+ 26. Kc2 b5 27. b4 a5 28. a3 axb4
29. Ra2 bxc3 30. dxc3 c5 31. Nd2 Re1 32. Qh5 Rc1+ 33. Kb3 c4+ 34. Nxc4 bxc4# 0-1

[Event "Challenge"]
[Site "http://www.queenalice.com/game.php?id=1815410"]
[Date "2023.7.1"]
[Round "-"]
[White "milan15fc"]
[Black "digger"]
[Result "0-1"]
[WhiteElo "1496"]
[BlackElo "1638"]

1. e3 d5 2. Qh5 e6 3. Qf3 Bc5 4. d4 Bd6 5. Nd2 Nf6 6. h3 O-O 7. g4 e5 8. g5 Ne8
9. Qxd5 c6 10. Qg2 g6 11. dxe5 Bxe5 12. f4 Bg7 13. h4 Nd6 14. h5 Nf5 15. hxg6
fxg6 16. Qh3 Kf7 17. Bc4+ Ke7 18. Qf3 Kd7 19. Bd3 Kc7 20. Bxf5 Bxf5 21. c3 Rh8
22. e4 Be6 23. Ne2 Qd6 24. e5 Qe7 25. Ne4 Bd5 26. Qd3 Nd7 27. Bd2 Nb6 28. Be3
Nc4 29. b3 Nb2 30. Qc2 h6 31. Qxb2 Bxe4 32. Qd2 Rad8 33. Qb2 Bxh1 34. Nd4 b6 35.
Ke2 Be4 36. a4 a6 37. b4 hxg5 38. Qb3 Rh2+ 39. Bf2 gxf4 40. Ne6+ Kc8 41. Nxd8
Kxd8 42. Qd1+ Bd5 43. Qg1 Rg2 44. Qe1 f3+ 45. Kd2 Bxe5 46. Qe3 c5 47. Rf1 Qf6
48. Rc1 c4 49. Ke1 Qe6 50. Kd2 g5 51. Kc2 Qf5+ 52. Kb2 Kc7 53. Qxb6+ Kd7 54. Rd1
Bf4 55. Qc5 Ke6 56. Rxd5 Qxd5 57. Qb6+ Kf5 58. Ka3 Bc1+ 59. Ka2 Qd2+ 60. Kb1
Qb2# 0-1

[Event "Challenge"]
[Site "http://www.queenalice.com/game.php?id=1815411"]
[Date "2023.7.1"]
[Round "-"]
[White "milan15fc"]
[Black "digger"]
[Result "0-1"]
[WhiteElo "1488"]
[BlackElo "1648"]

1. e3 d5 2. Qf3 e6 3. Bd3 Nc6 4. Bb5 Bd7 5. Bxc6 Bxc6 6. Nc3 Bb4 7. a3 d4 8. Qf4
dxc3 9. Qxb4 cxd2+ 10. Bxd2 Qd6 11. Qxd6 cxd6 12. f3 Nf6 13. Nh3 O-O 14. Bb4
Rfd8 15. O-O Nd5 16. Rfe1 a5 17. Bd2 f6 18. e4 Ne7 19. Nf4 e5 20. Ne6 Rdc8 21.
c3 Bd7 22. Nxg7 Kxg7 23. g4 b5 24. h4 h6 25. g5 hxg5 26. hxg5 fxg5 27. Bxg5 Ng6
28. Red1 Rc6 29. Rd3 Raa6 30. Kf2 Nf8 31. Be7 Ng6 32. Bxd6 Rxd6 33. Rxd6 Rxd6
34. b4 a4 35. Rc1 Nf4 36. c4 Nd3+ 37. Ke3 Nxc1 38. cxb5 Bxb5 39. f4 exf4+ 40.
Kxf4 Nd3+ 41. Ke3 Ne5 42. Kf4 Kf6 43. Ke3 Kg5 44. Kf2 Rd3 45. Ke2 Rxa3+ 46. Kd2
Kf4 47. Kc2 Kxe4 48. Kb2 Rb3+ 49. Kc2 Rxb4 50. Kc3 Rc4+ 51. Kb2 Nd3+ 52. Ka2 Rb4
53. Ka3 Rb3+ 54. Ka2 Bc4 55. Ka1 Ra3+ 56. Kb1 Kd4 57. Kc2 Ra2+ 58. Kb1 Rd2 59.
Ka1 Kc3 60. Kb1 Kb3 61. Ka1 Rd1# 0-1

[Event "Challenge"]
[Site "http://www.queenalice.com/game.php?id=1815412"]
[Date "2023.7.1"]
[Round "-"]
[White "milan15fc"]
[Black "Charles56"]
[Result "1-0"]
[WhiteElo "1487"]
[BlackElo "1620"]

1. e3 e5 2. Qf3 d5 3. Qg3 Nf6 4. Qxe5+ Be6 5. Nc3 a6 6. h3 Nc6 7. Qg3 Qd7 8. Qf3
Bd6 9. g4 h6 10. Bd3 g6 11. Qe2 Nh7 12. f4 f5 13. gxf5 Bxf5 14. Bxf5 gxf5 15.
Nxd5 O-O-O 16. c3 Rhg8 17. d4 Qf7 18. c4 Rde8 19. a3 Nxd4 20. Qd2 Nb3 21. Qc3
Nxa1 22. b4 Qg7 23. Qxg7 Rxg7 24. Bb2 Nb3 25. Bxg7 h5 26. Nf3 a5 27. Kf2 c6 28.
Nf6 Nxf6 29. Bxf6 axb4 30. axb4 Be7 31. Bxe7 Rxe7 32. Rb1 b5 33. Rxb3 bxc4 34.
Rc3 c5 35. bxc5 Kc7 36. Rxc4 Kc6 37. Ne5+ Kb5 38. c6 Rc7 39. Kg3 Kb6 40. Kh4 Rc8
41. Kxh5 Rh8+ 42. Kg5 Rxh3 43. c7 Rg3+ 44. Kxf5 Rxe3 45. c8=Q 1-0

[Event "Challenge"]
[Site "http://www.queenalice.com/game.php?id=1815413"]
[Date "2023.7.1"]
[Round "-"]
[White "milan15fc"]
[Black "Charles56"]
[Result "0-1"]
[WhiteElo "1508"]
[BlackElo "1610"]

1. e3 e5 2. Qf3 Nf6 3. Qg3 d6 4. Nc3 Bd7 5. Bc4 Nc6 6. Bb5 Nb4 7. Bd3 Nxd3+ 8.
cxd3 g6 9. Qf3 Bg7 10. Nd5 Nxd5 11. Qxd5 Bc6 12. Qb3 Qd7 13. f3 a6 14. e4 f5 15.
Qd1 f4 16. Nh3 h6 17. b3 g5 18. g4 Bf6 19. Bb2 h5 20. Nf2 hxg4 21. fxg4 a5 22.
h3 Bb5 23. Rb1 a4 24. bxa4 Bxa4 25. Qf3 Qc6 26. Ke2 Bb5 27. Rhc1 Qb6 28. Kf1 Ke7
29. Kg2 Rxa2 30. Nd1 c5 31. Nc3 Qa5 32. Qe2 Qa6 33. Nxa2 Bxd3 34. Qf2 Bxb1 35.
Rxb1 Qxa2 36. Qe1 Qb3 37. Bc3 Qa2 38. Rxb7+ Kf8 39. Rb6 Be7 40. Rb2 Qf7 41. d3
Qh7 42. Rb8+ Kf7 43. Rxh8 Qxh8 44. Qf2 Qb8 45. Qa2+ Kf6 46. Qf2 Qb1 47. Qe2 Bd8
48. Qf3 Qc2+ 49. Qf2 Qxd3 50. Qf3 Qc2+ 51. Kf1 Qc1+ 52. Be1 Ba5 53. Qf2 c4 54.
Ke2 c3 55. h4 c2 56. Bxa5 Qd1# 0-1

[Event "Challenge"]
[Site "http://www.queenalice.com/game.php?id=1817453"]
[Date "2023.7.28"]
[Round "-"]
[White "jogo"]
[Black "milan15fc"]
[Result "1-0"]
[WhiteElo "1990"]
[BlackElo "1478"]

1. e4 d6 2. d4 Qd7 3. Nf3 Qa4 4. b3 Qb4+ 5. Bd2 Qb6 6. c4 Qc6 7. d5 Qd7 8. Bd3
Qg4 9. O-O e6 10. h3 Qg6 11. Qe2 exd5 12. exd5+ Ne7 13. Bxg6 hxg6 14. Re1 f6 15.
Nc3 c6 16. Qd3 Bf5 17. Ne4 Bxe4 18. Qxe4 f5 19. Qe6 Nd7 20. Qxg6+ Kd8 21. Qxd6
Nc8 22. Bg5+ Be7 23. Bxe7+ Nxe7 24. Rxe7 Kc8 25. Qxd7+ Kb8 26. Qxb7# 1-0

[Event "Challenge"]
[Site "http://www.queenalice.com/game.php?id=1817686"]
[Date "2023.7.31"]
[Round "-"]
[White "AdilsonGomes"]
[Black "milan15fc"]
[Result "1-0"]
[WhiteElo "1731"]
[BlackElo "1445"]

1. d4 d6 2. Bf4 f6 3. Nc3 e5 4. Bg3 exd4 5. Qxd4 c5 6. Qd3 Nc6 7. Nd5 Be6 8. e4
Bxd5 9. exd5 Nb4 10. Qb5+ Qd7 11. Qe2+ Ne7 12. c4 Qf5 13. Rc1 Nd3+ 14. Qxd3 Qxd3
15. Bxd3 a6 16. Nf3 O-O-O 17. O-O g5 18. Nd2 Rd7 19. Ne4 Kb8 20. Bxd6+ Ka7 21.
Bxc5+ Ka8 22. Nxf6 Rc7 23. Be3 Nc8 24. Nxh7 Be7 25. Nxg5 Bxg5 26. Bxg5 Rg8 27.
h4 Nd6 28. Bf4 1-0

[Event "Challenge"]
[Site "http://www.queenalice.com/game.php?id=1819621"]
[Date "2023.8.26"]
[Round "-"]
[White "milan15fc"]
[Black "Charles56"]
[Result "0-1"]
[WhiteElo "1440"]
[BlackElo "1720"]

1. e3 e5 2. Qh5 Qf6 3. Nf3 d6 4. Bc4 Be6 5. Bxe6 Qxe6 6. Ng5 Qg6 7. Qxg6 hxg6 8.
Ne4 f6 9. Nec3 Na6 10. Nd5 c6 11. Ndc3 Nb4 12. Na3 b5 13. O-O d5 14. d4 e4 15.
f3 exf3 16. Rxf3 Bd6 17. g3 Kd7 0-1

[Event "Challenge"]
[Site "http://www.queenalice.com/game.php?id=1819622"]
[Date "2023.8.26"]
[Round "-"]
[White "milan15fc"]
[Black "Charles56"]
[Result "0-1"]
[WhiteElo "1431"]
[BlackElo "1729"]

1. e3 e5 2. Qh5 Qf6 3. Nf3 d6 4. Bc4 Be6 5. Bxe6 Qxe6 6. Ng5 Qg6 7. Qxg6 hxg6 8.
Ne4 f6 9. Nec3 Na6 10. Nd5 c6 11. Ndc3 Nb4 12. Na3 b5 13. O-O d5 14. d4 e4 15.
f3 exf3 16. Rxf3 Bd6 17. g3 a5 0-1

[Event "Challenge"]
[Site "http://www.queenalice.com/game.php?id=1819623"]
[Date "2023.8.26"]
[Round "-"]
[White "milan15fc"]
[Black "Charles56"]
[Result "0-1"]
[WhiteElo "1435"]
[BlackElo "1725"]

1. e3 e5 2. Qh5 Nc6 3. Bb5 Nf6 4. Qf3 Bc5 5. Bxc6 dxc6 6. Nc3 Bg4 7. Qg3 O-O 8.
h3 Bh5 9. Qxe5 Bd6 10. Qf5 Bg6 11. Qf3 Bxc2 12. g4 h6 13. b3 Bb4 14. Nce2 Be4
15. Qg3 Re8 0-1